zpět

Detail výsledku týmu

Cabaret café bar, Olomouc

Datum a čas kvízu

17.5 Celkem bodů Celkový počet nahraných bodů na tomto kvízu bez doplňovacích otázek.
8. Pořadí na kvízu Konečné umístění týmu na tomto kvízu.

Zaznamenané odpovědi

# Otázka Odpověď Body Výsledky
1. Ve středu se v Česku uskutečni... 0
2. Drobná africká monarchie slaví... 0
3. Pořadatelé karlovarského filmo... 0
4. Minulý týden oslavila kulaté 7... 1
6. Ve kterém městě (má asi 50 000... 0
7. Velký úspěch minulý rok zaznam... 0
8. Olga Sommerová je od roku 2014... 0
9. Režisérka Helena Třeštíková na... 0
10. Seřaďte tyto dokumenty podle j... 0
11. Na základě několika podotázek... 0